000 01125cam a2200145 4500500
005 20260329023149.0
041 _afre
042 _adc
100 1 0 _aMarcoin, Francis
_eauthor
700 1 0 _aChelebourg, Christian
_eauthor
245 0 0 _aLa littérature de jeunesse
260 _bArmand Colin,
_c2007.
520 _aCet ouvrage fournit les informations et clés de compréhension nécessaires pour aborder ce qui est à la fois un genre littéraire et un marché, aujourd'hui le deuxième de l'édition française. Alors qu'ils appartenaient au monde de l'éducation et des jouets, les livres pour la jeunesse relèvent en effet désormais de la littérature, c'est-à-dire d'une entreprise artistique visant à « faire œuvre », à renouveler continuellement les règles en vigueur et à les subvertir. De Télémaque de Fénelon (1699) à Harry Potter, de Rowling (2000), nous voici donc conviés à un voyage très révélateur quant à l'évolution des mœurs et au statut de la jeunesse !
856 4 1 _uhttps://shs.cairn.info/la-litterature-de-jeunesse--9782200347161?lang=fr&redirect-ssocas=7080
999 _c1925169
_d1925169